Loading…

A Bibliography of Hong Kong Marine Science /

A comprehensive bibliography of all the book, research papers and theses published on Hong Kong marine science between 1842 (one year after Hong Kong was founded), and 1990.

Bibliographic Details
Call Number:Libro Electrónico
Corporate Author: Project Muse
Other Authors: Morton, Brian
Format: Electronic eBook
Language:Inglés
Published: Hong Kong [China] : Hong Kong University Press, 1990.
Series:Book collections on Project MUSE.
Subjects:
Online Access:Texto completo

MARC

LEADER 00000cam a22000004a 4500
001 musev2_5488
003 MdBmJHUP
005 20230905040642.0
006 m o d
007 cr||||||||nn|n
008 120411r20121990cc o 00 0 eng d
020 |a 9789882200401 
020 |z 9789622092754 
035 |a (OCoLC)710060621 
040 |a MdBmJHUP  |c MdBmJHUP 
043 |a a-cc-hk 
050 4 |a QH181  |b .B53 1990 
245 0 2 |a A Bibliography of Hong Kong Marine Science /   |c compiled by Brian Morton. 
264 1 |a Hong Kong [China] :  |b Hong Kong University Press,  |c 1990. 
264 3 |a Baltimore, Md. :  |b Project MUSE,   |c 2012 
264 4 |c ©1990. 
300 |a 1 online resource (148 pages):   |b digital file. 
336 |a text  |b txt  |2 rdacontent 
337 |a computer  |b c  |2 rdamedia 
338 |a online resource  |b cr  |2 rdacarrier 
500 |a Issued as part of book collections on Project MUSE. 
500 |a Includes index. 
504 |a Includes bibliographical references and index. 
505 0 |a 1. Marine microbiology -- 2. Marine plants -- 3. Marine invertebrates -- 4. Marine vertebrates -- 5. Introduced species -- 6. Marine ecology -- 7. Fisheries -- 8. Oceanography -- 9. Marine geology -- 10. Marine physics -- 11. Marine archaeology -- 12. Marine fouling -- 13. Marine pollution -- 14. Marine instrumentation -- 15. Marine policy -- 16. Conservation -- 17. Education -- 18. Books -- 19. Proceedings of the conferences, seminars, workshops and. symposia -- 20. Theses; Author index. 
506 |a Access restricted to authorized users and institutions. 
520 |a A comprehensive bibliography of all the book, research papers and theses published on Hong Kong marine science between 1842 (one year after Hong Kong was founded), and 1990. 
588 |a Description based on print version record. 
650 0 |a Marine biology  |z China  |z Hong Kong  |v Bibliography. 
655 7 |a Electronic books.   |2 local 
700 1 |a Morton, Brian. 
710 2 |a Project Muse. 
776 1 8 |i Print version:  |z 9622092756  |z 9789622092754 
710 2 |a Project Muse.  |e distributor 
830 0 |a Book collections on Project MUSE. 
856 4 0 |z Texto completo  |u https://projectmuse.uam.elogim.com/book/5488/ 
945 |a Project MUSE - Custom Collection 
945 |a Project MUSE - Archive Complete Foundation 
945 |a Project MUSE - Archive Ecology and Evolution Foundation